El oro de futa Mawinza. : La mina que se sublevó a la patagonia.
El impacto ambiental de las minas de oro en Esquel. Testimonios de los pobladores, expertos y autoridades de Meridian Gold. Las movilizaciones y asambleas. El plebiscito. La firme oposición de la comunidad.
Guardado en:
| Formato: | |
|---|---|
| Materias: | |
| Etiquetas: |
Agregar Etiqueta
Sin Etiquetas, Sea el primero en etiquetar este registro!
|
| LEADER | 00916ngm a22002295g 4500 | ||
|---|---|---|---|
| 001 | CEM.cems022773 | ||
| 008 | 130507b2005##################0###0#####d | ||
| 005 | 20241115170006.0 | ||
| 245 | 0 | 0 | |a El oro de futa Mawinza. : |b La mina que se sublevó a la patagonia. |
| 300 | |a 60'. | ||
| 500 | |a En soporte VHS, consultar en ventanilla. | ||
| 520 | |a El impacto ambiental de las minas de oro en Esquel. Testimonios de los pobladores, expertos y autoridades de Meridian Gold. Las movilizaciones y asambleas. El plebiscito. La firme oposición de la comunidad. | ||
| 538 | |a Soporte: VHS - Norma: Pal N - Color: Si - Grabación DRD 2005 - Hitachi=0000 | ||
| 082 | 5 | 7 | |/ ORO |
| 653 | |a PATAGONIA | ||
| 653 | |a ORO | ||
| 653 | |a MINA DE ORO | ||
| 653 | |a MEDIO AMBIENTE | ||
| 653 | |a ESQUEL | ||
| 653 | |a NIVEL PRIMARIO | ||
| 653 | |a NIVEL SECUNDARIO | ||
| 859 | |a CEMS |b BIB. CEMS - Depto. Recursos Didacticos |h 574 |i ORO |k DRD |p 1416.12 |t Ej.1 | ||
